00506nam a2200205 a 4500001001300000003000900013005001700022008004100039020000800080082001600088100001000104245002600114260004100140300000900181500003500190505001200225650002200237650003100259700001000290nice12345678IN_TiNIC20260116011300.0050524s1952 alla grp 000 0 eng  ac500a297.63bSMA aSma,  aMohammad in the Quran aAllahbadbAbbas Manzil Libraryc1952 a323p aincludes index and biblioraphy2 aIndices aMuhammad, Prophet aMuhammad, Prophet in Quran1 aSma,